| 000 | 00530nam a2200205 4500 | ||
|---|---|---|---|
| 003 | OSt | ||
| 005 | 20240626032738.0 | ||
| 006 | a | ||
| 008 | 240626b |||||||| |||| 00| 0 eng d | ||
| 020 | _a9781405485432 | ||
| 040 |
_aDWCL-Main lib. _cOC |
||
| 082 | _aGR. 030 Am489 2008 | ||
| 110 | _aParragon | ||
| 245 | _aAmazing books of facts / | ||
| 260 |
_aUK : _bParragon, _cc2008. |
||
| 300 |
_b191 p. : col. ill. ; _c28 cm. |
||
| 504 | _aIncludes index. | ||
| 650 | _a1. Curiosities and wonders. | ||
| 942 |
_2ddc _n0 _cGR _kGR. |
||
| 999 |
_c1377 _d1377 |
||